000 00284nam a2200109Ia 4500
005 20251222143213.0
008 251222s9999||||xx |||||||||||||| ||spa||
082 _a378.985/U61
245 0 _aHacia una Ley Universitaria
264 _bUniversidad Nacional Agraria La Molina
942 _cLIB
999 _c13536
_d13536